|
|
|
|
| LEADER |
00000nam a2200000 a 4500 |
| 001 |
vtls011134340 |
| 003 |
SK-MaSNL |
| 005 |
20260301134522.0 |
| 007 |
co cg auuua |
| 008 |
240318s2011 xo | fsf 000 0 slo |
| 015 |
|
|
|a SNBS2016
|
| 020 |
|
|
|a 9788089524068
|q (elektronická kniha)
|
| 040 |
|
|
|a SNK
|b slo
|c SNK
|e AACR2
|
| 041 |
0 |
|
|a slo
|
| 043 |
|
|
|a e------
|
| 044 |
|
|
|a xo
|c SK
|
| 072 |
|
7 |
|a 00
|x Veda. Všeobecnosti. Základy vedy a kultúry. Vedecká práca
|2 konspekt
|
| 072 |
|
7 |
|a 316.7
|x Sociológia kultúry. Kultúrny život
|2 konspekt
|
| 080 |
|
|
|a 001.102
|2 2011
|
| 080 |
|
|
|a 316.752
|2 2011
|
| 080 |
|
|
|a (4)
|2 2011
|
| 080 |
|
|
|a (035)
|2 2011
|
| 080 |
|
|
|a (0.034.44)
|2 2011
|
| 100 |
1 |
|
|a Výrost, Jozef,
|d 1951-
|4 aut
|9 186819
|
| 245 |
1 |
0 |
|a Atlas európskych hodnôt
|h elektronický zdroj
|b praktická príručka pre využitie pri výučbe stredoškolských predmetov
|c Jozef Výrost
|
| 260 |
|
|
|a Košice
|b Spoločenskovedný ústav SAV
|c 2013
|
| 300 |
|
|
|a 1 elektronický optický disk (CD-ROM)
|b fareb.
|c 12 cm
|
| 500 |
|
|
|a Názov z titulnej obrazovky
|
| 504 |
|
|
|a Bibliogr. odkazy
|
| 516 |
|
|
|a Textový dokument (príručka), súbor vo formáte pdf
|
| 536 |
|
|
|a Projekt č 2/0173/12 Sociálne a osobnostné aspekty vnímania bezpečnosti
|
| 538 |
|
|
|a Technické požiadavky: PDF prehliadač
|
| 650 |
0 |
7 |
|a informácie
|2 SNKPH
|9 1285
|
| 650 |
0 |
7 |
|a hodnoty
|2 SNKPH
|9 2081
|
| 650 |
0 |
7 |
|a hodnotová orientácia
|2 SNKPH
|9 1021
|
| 650 |
0 |
7 |
|a Informations
|2 SNKPHeng
|9 270168
|
| 650 |
0 |
7 |
|a Values
|2 SNKPHeng
|9 329065
|
| 650 |
0 |
7 |
|a Value orientation
|2 SNKPHeng
|9 268435
|
| 651 |
|
7 |
|a Európa
|2 SNKPH
|9 167569
|
| 651 |
|
7 |
|a Europe
|2 SNKPHeng
|9 56249
|
| 655 |
|
7 |
|a elektronické zdroje
|2 SNKPH
|9 90954
|
| 655 |
|
7 |
|a CD-ROM
|2 SNKPH
|9 70236
|
| 655 |
|
7 |
|a príručky
|2 SNKPH
|9 74364
|
| 655 |
|
7 |
|a Handbooks, manuals, etc.
|2 SNKPHeng
|9 90964
|
| 655 |
|
7 |
|a Electronic resources
|2 SNKPHeng
|9 175546
|
| 856 |
4 |
1 |
|u http://www.atlasofeuropeanvalues.eu/new/home.php?lang=sk
|
| 919 |
|
|
|a 978-80-89524-06-8
|
| 958 |
|
|
|a NB
|
| 999 |
|
|
|c 757313
|d 759243
|
| 952 |
|
|
|a SNK
|b SNK
|y PREZ
|7 0
|p 17A1173412
|o snkSCDM 7877
|i snk2015/30275
|8 0
|0 0
|1 0
|4 0
|d 2015-11-04
|l 0
|r 2026-02-23 23:53:14
|w 2026-02-23
|
| 952 |
|
|
|t snkATL 373.5
|a SNKMST
|b SNKMST
|y PREZ
|7 0
|p 17A1173411
|o snkSCDM 7877 D1
|i snk2015/30277
|8 0
|0 0
|1 0
|4 0
|d 2015-11-04
|l 0
|r 2025-08-11 00:00:00
|w 2026-02-23
|